Investigación marina en Chile
Na minha lista:
| Autor Corporativo: | |
|---|---|
| Formato: | Livro |
| Idioma: | espanhol |
| Publicado em: |
Santiago
Pontificia Universidad Católica de Chile
2014
|
| Edição: | 1a. ed |
| Assuntos: | |
| Tags: |
Adicionar Tag
Sem tags, seja o primeiro a adicionar uma tag!
|
MARC
| LEADER | 00000cam a2200000 a 4500 | ||
|---|---|---|---|
| 001 | UCD1410 | ||
| 003 | CL-VaPUC | ||
| 005 | 20230127074042.0 | ||
| 008 | 160303e20140500cl 1 spa d | ||
| 082 | 0 | 4 | |a 551.46 |b PON |2 21 |
| 110 | 2 | |a Pontificia Universidad Católica de Chile |e author |9 622152 | |
| 245 | 1 | 0 | |a Investigación marina en Chile |
| 250 | |a 1a. ed | ||
| 260 | |a Santiago |b Pontificia Universidad Católica de Chile |c 2014 | ||
| 300 | |a 115 p | ||
| 500 | |a Recopilación de los temas presentados | ||
| 583 | |a last modification |c 20190909 10:29:45 |k Rodrigo Vera | ||
| 600 | 0 | |a Armada de Chile |9 340497 | |
| 650 | 0 | 7 | |a CIENCIAS DEL MAR |2 CL-VaPUC |9 261896 |
| 650 | 0 | 0 | |a Oceanografía |9 260014 |
| 650 | 0 | 0 | |a Investigación científica |9 259857 |
| 942 | |c BK | ||
| 945 | |a arojas |d 20160303 03:41:00 | ||
| 546 | |a En Español | ||
| 536 | |a Pontificia Universidad Católica de Chile | ||
| 536 | |a Comité Oceanográfico Nacional | ||
| 536 | |a Armada de Chile | ||
| 518 | |p Seminario Investigación Marina en Chile, 1, Santiago, 06 de Mayo de 2014 | ||
| 999 | |c 384814 |d 384812 | ||
| 952 | |0 0 |1 0 |2 ddc |3 erb |4 0 |6 551_460000000000000_PON_2014 |7 0 |8 P |9 507799 |a BIBCUR |b BIBCUR |c PAC |i 5264308 |o 551.46 PON 2014 |p 5264308 |r 2025-04-22 |w 2020-01-23 |y BK |z Catalogado en:20160303 |k RNT | ||